Benennen Sie die Monate in 4 Sprachen - Nennen Sie die Anzahl der Tage - Statistiken

Allgemein
  • Dieses Quiz wurde 14 mal gespielt
    10 seit der letzten Aktualisierung
  • Das Durchschnittsergebnis liegt bei 38 aus 60
Antwortstatistiken
Hint Antwort % Korrekt
D Januar
100%
ENG January
100%
April
86%
April
86%
April
86%
August
86%
August
86%
December
86%
December
86%
Dezember
86%
Februar
86%
February
86%
Juli
86%
Juli
86%
July
86%
June
86%
Juni
86%
Juni
86%
Mai
86%
Mai
86%
March
86%
März
86%
May
86%
November
86%
November
86%
November
86%
October
86%
Oktober
86%
Oktober
86%
September
86%
September
86%
September
86%
April 30
43%
August 31
43%
Avril
43%
Décembre
43%
December 31
43%
Februar 28
43%
Février
43%
Tage Januar 31
43%
F Janvier
43%
Juli 31
43%
Juni 30
43%
Mai 31
43%
März 31
43%
November 30
43%
Novembre
43%
Octobre
43%
Oktober 31
43%
September 30
43%
Septembre
43%
Augustus
29%
Mars
29%
Mei
29%
Août
14%
Februari
14%
NL Januari
14%
Juillet
14%
Juin
14%
Maart
14%
Keine übereinstimmenden Quizze gefunden
Verteilung der Resultate
Anzahl Personen mit jedem Resultat
Perzentil nach korrekt beantworteten Fragen
Ihre Resultats-Entwicklung
Sie haben dieses Quiz seit der letzten Aktualisierung nicht gespielt